The Little, Brown handbook / (Record no. 38720)
[ view plain ]
| 000 -LEADER | |
|---|---|
| fixed length control field | 00956nam a2200289 a 4500 |
| 001 - CONTROL NUMBER | |
| control field | 38720 |
| 003 - CONTROL NUMBER IDENTIFIER | |
| rucl marc code | BD-RjUL |
| 005 - DATE AND TIME OF LATEST TRANSACTION | |
| control field | 20211209052840.0 |
| 008 - FIXED-LENGTH DATA ELEMENTS--GENERAL INFORMATION | |
| fixed length control field | 160214s1980 maua 001 0 eng |
| 020 ## - INTERNATIONAL STANDARD BOOK NUMBER | |
| International Standard Book Number | 0316289612 |
| 035 ## - SYSTEM CONTROL NUMBER | |
| System control number | (BD-RjUL)38829 |
| 040 ## - CATALOGING SOURCE | |
| Original cataloging agency | DLC |
| Transcribing agency | DLC |
| Modifying agency | DLC |
| -- | BD-RjUL |
| Language of cataloging | eng |
| 041 ## - LANGUAGE CODE | |
| Language code of text/sound track or separate title | eng |
| 082 00 - DEWEY DECIMAL CLASSIFICATION NUMBER | |
| Classification number | 808.042 |
| Author mark and year | FOL 1980 |
| 100 1# - MAIN ENTRY--PERSONAL NAME | |
| Personal name | Fowler, H. Ramsey |
| Fuller form of name | (Henry Ramsey) |
| 9 (RLIN) | 119450 |
| 245 14 - TITLE STATEMENT | |
| Title | The Little, Brown handbook / |
| Statement of responsibility, etc. | H. Ramsey Fowler, with the editors of Little, Brown. |
| 260 ## - PUBLICATION, DISTRIBUTION, ETC. (IMPRINT) | |
| Place of publication, distribution, etc. | Boston : |
| Name of publisher, distributor, etc. | Little, Brown, |
| Date of publication, distribution, etc. | c1980. |
| 300 ## - PHYSICAL DESCRIPTION | |
| Pagination | xx, 555 p. : |
| Illustrations | ill. ; |
| Size | 22 cm. |
| 500 ## - GENERAL NOTE | |
| General note | Includes index. |
| 650 #0 - SUBJECT ADDED ENTRY--TOPICAL TERM | |
| Topical term or geographic name as entry element | English language |
| General subdivision | Grammar |
| Form subdivision | Handbooks, manuals, etc. |
| 9 (RLIN) | 119451 |
| Topical term or geographic name as entry element | English language |
| General subdivision | Rhetoric |
| Form subdivision | Handbooks, manuals, etc. |
| 9 (RLIN) | 119452 |
| Topical term or geographic name as entry element | Report writing |
| Form subdivision | Handbooks, manuals, etc. |
| 9 (RLIN) | 119453 |
| 710 2# - ADDED ENTRY--CORPORATE NAME | |
| Corporate name or jurisdiction name as entry element | Little, Brown |
| 9 (RLIN) | 119454 |
| 942 ## - ADDED ENTRY ELEMENTS (KOHA) | |
| Source of classification or shelving scheme | Dewey Decimal Classification |
| Koha item type | Books |
| Lost status | Source of classification or shelving scheme | Damaged status | Not for loan | Collection code | Permanent Location | Current Location | Shelving location | Date acquired | Total Checkouts | Full call number | Date last seen | Date checked out | Copy number | Koha item type | Source of acquisition |
|---|---|---|---|---|---|---|---|---|---|---|---|---|---|---|---|
| Dewey Decimal Classification | Non-fiction | Central Library, University of Rajshahi | Central Library, University of Rajshahi | 18/09/1985 | 8 | 808.042 FOL 1980 | 21/08/2022 | 04/08/2022 | C-2 | Books | |||||
| Dewey Decimal Classification | Non-fiction | Central Library, University of Rajshahi | Central Library, University of Rajshahi | 18/09/1985 | 808.042 FOL 1980 | 15/02/2016 | C-3 | Books | |||||||
| Dewey Decimal Classification | Not For Loan | Non-fiction | Central Library, University of Rajshahi | Central Library, University of Rajshahi | Reading Room | 18/09/1985 | 808.042 FOL 1980 | 19/01/2017 | C-1 | Books | Asia foundation |